The Abbé Grégoire and the French Revolution : (Record no. 604715)

MARC details
000 -LEADER
fixed length control field 00554nam a2200193 a 4500
008 - FIXED-LENGTH DATA ELEMENTS--GENERAL INFORMATION
fixed length control field 251224s2005##################000#0#eng##
020 ## - INTERNATIONAL STANDARD BOOK NUMBER
ISBN 9780520241800
082 04 - DEWEY DECIMAL CLASSIFICATION NUMBER
Classification number 282.092
Item number SEP
100 1# - MAIN ENTRY--AUTHOR NAME
Personal name Sepinwall, Alyssa Goldstein,
245 10 - TITLE STATEMENT
Title The Abbé Grégoire and the French Revolution :
260 ## - PUBLICATION, DISTRIBUTION, ETC. (IMPRINT)
Name of publisher Univ of California Press,
Year of publication 2005.
300 ## - PHYSICAL DESCRIPTION
Number of Pages 354 pages
650 #0 - SUBJECT ADDED ENTRY--TOPICAL TERM
Topical Term Biography & Autobiography.
942 ## - ADDED ENTRY ELEMENTS (KOHA)
Koha item type English Books
Holdings
Withdrawn status Lost status Damaged status Not for loan Home library Current library Shelving location Date acquired Full call number Accession Number Price effective from Koha item type
        Anna Centenary Library Anna Centenary Library 3RD FLOOR, B WING 26.12.2025 282.092 SEP 168034 26.12.2025 English Books

Find us on the map